General Knowledge: Jeopardy Style II Quiz Stats

 Plays Quiz Updated Jul 2, 2018

Support Sporcle.
Go Orange.
Score 0/25 Timer 06:00
15 Plays Today
% Correct
Noble gases
92.5%
Potatoes
92%
Thailand
91.6%
Homer
91.3%
Poland
89.3%
New Zealand
87.6%
Nuance
86.7%
Atomic number
86.6%
Abhor
85.7%
Absinthe
84.7%
Iceland
83.8%
Ireland
83.6%
Michael Crichton
82.7%
% Correct
Obdurate
82.4%
Schnapps
82.1%
KahlĂșa
80.1%
Plaudit
79.2%
Antoine Lavoisier
78%
Dmitri Mendeleev
75.5%
Replete
73.9%
Rum
73.9%
Period
73.1%
John Irving
70%
Ernest Hemingway
69%
Walt Whitman
61.5%

You're not logged in!

Compare scores with friends on all Sporcle quizzes.
OR
Log In

From the Vault

'B' in History II

by wiggytitch

A 'B' in History sounds like a pretty solid grade to us.
Remove Ads.
Support Sporcle.
Get the best of Sporcle when you Go Orange. This ad-free experience offers more features, more stats, and more fun while also helping to support Sporcle. Thank you for becoming a member.

Show Comments

Extras

Top Quizzes Today


Score Distribution

Your Account Isn't Verified!

In order to create a playlist on Sporcle, you need to verify the email address you used during registration. Go to your Sporcle Settings to finish the process.

Report this User

Report this user for behavior that violates our Community Guidelines.

Details: